00704nam a2200253 a 4500001001300000003000900013005001700022008004100039020002300080082001300103100001900116245001600135260002500151300000900176500003500185505001000220650001900230650002900249650002800278902000800306942000700314952011400321999001500435nice12345678IN_TiNIC20260116013122.0050524s1995 lona grp 000 0 eng  a0712627 c29600a270bTER aTeresa, Mother aSimple Path aLondonbRider c1995 a192p aincludes index and biblioraphy2 aNotes aChurch-History aMother Teresa-Philosophy aMissionaries of Charity bSRS cBK 001040708StackRoom-aHMIbHMId2007-07-17g296.00l0o270 TERp017439r2007-07-17v296.00w2005-05-24yBK c9726d9726